000 01033nam a2200241 a 4500
008 110927s2004 ||||||||||||||||| || u
020 _a0781731933
050 _aRT 41 SME.
100 _aBare, Brenda G
245 1 0 _aBrunner & Suddarth's textbook of medical surgical nursing. (10th ed.)
250 _a10th ed.
260 _aBaltmore:
_bLippincott Williams & Wilkins
_c2004
300 _axxiii, 2234p. : ill.
350 _a0.00
500 _aAccompanied by CD
650 3 _aNURSING CARE
650 _aSURGICAL NURSING
650 3 _aPERIOPERATIVE NURSING
650 _aNURSING--HANDBOOKS, MANUALS, ETC
700 _aSmeltzer, Suzanne C
995 _aMEDICAL LIBRARY OPEN ACCESS
_D0.00
_e901443
_FCBU-SCHOOL OF MEDICINE LIBRARY (Ndola)
_H1
_I0.00
_jRT 41 SME.
_M2
_UAVAILABLE
_WOct 14, 2011
_y901443
_ZMedical Library Open Access Collection
995 _aMEDICAL LIBRARY OPEN ACCESS
_D0.00
_e901348
_FCBU-SCHOOL OF MEDICINE LIBRARY (Ndola)
_H1
_I0.00
_jRT 41 Sme.
_M1
_UAVAILABLE
_WOct 4, 2011
_y901348
_ZMedical Library Open Access Collection
999 _c63731
_d63731